000 00659nam a22001937a 4500
005 20250430113947.0
010 _aENG-144731
020 _a9788197146985
_c275.00
035 _aen-128263
037 _bDBAD
082 _a000
245 _aChronicle General Studies:
_bIAS Mains Q&A Paper I to IV 2019-2023
_cEdited by N.N. Ojha
260 _aNoida
_bChronicle Publication
_c2024
270 _aA-27D, Sector 16
_bNoida
_e201301
_k0120-2514610/12
_minfo@chronicleindia.in
300 _aVarious pages.
_c28cm(pbk)
500 _aUPSC Civil Services Topic-Wise PYQ Solved Papers
700 _aOjha, N.N.
_977953
942 _2ddc
_cEN
_h000
_mCHR
999 _c209352
_d209352